000 00507 a2200145 4500
020 _a9814155632
040 _aDLC
_bDLC
245 0 0 _aSingapore: the encyclopedia
_bthe encyclopedia.
_cEDM
260 _aSingapore :
_bEditions Didier Millet :
_bNational Heritage Board,
_c2006.
300 _a639 p. :
_bill. (some col.), col. maps ;
_c29 cm.
650 _aSingapore--History--Encyclopedias.
710 2 _aEditions Didier Millet.
710 2 _aSingapore.
_bNational Heritage Board.
942 _cBK
_k959.57003 EDM
_2ddc
999 _c9424
_d9424